| 000 | 00396nam a22001457a 4500 | ||
|---|---|---|---|
| 005 | 20180208093916.0 | ||
| 008 | 180208b xxu||||| |||| 00| 0 eng d | ||
| 040 | _cPK-LaUMT | ||
| 082 |
_aPKAC 297.01 _bAFT-F |
||
| 100 | _aAftab Ahmed Shamsi | ||
| 245 |
_aFikar kay humrah aik safar/ _cAftab Ahmed Shamsi |
||
| 260 |
_aلاہور: _bمکبتہ البیان _c1989 |
||
| 300 | _a268 | ||
| 942 | _cBK | ||
| 999 |
_c102793 _d102793 |
||